00250nam a2200109Ia 4500008004100000100001500041245003000056260002000086650001000106942000700116999001700123190216s9999||||xx |||||||||||||| ||und|| aMishra K B 0aHindi-Hindi Pathrakaritha bBharathy Bandar aHindi cBK c15478d15478